<?xml version="1.0" encoding="UTF-8"?>
<record
    xmlns:xsi="http://www.w3.org/2001/XMLSchema-instance"
    xsi:schemaLocation="http://www.loc.gov/MARC21/slim http://www.loc.gov/standards/marcxml/schema/MARC21slim.xsd"
    xmlns="http://www.loc.gov/MARC21/slim">

  <leader>00795nam a22001937a 4500</leader>
  <datafield tag="952" ind1=" " ind2=" ">
    <subfield code="0">0</subfield>
    <subfield code="1">0</subfield>
    <subfield code="2">ddc</subfield>
    <subfield code="4">0</subfield>
    <subfield code="7">0</subfield>
    <subfield code="8">NFIC</subfield>
    <subfield code="a">ASL</subfield>
    <subfield code="b">ASL</subfield>
    <subfield code="c">GEN</subfield>
    <subfield code="d">2020-11-14</subfield>
    <subfield code="e">ASB Collection</subfield>
    <subfield code="l">0</subfield>
    <subfield code="o">910 BAM</subfield>
    <subfield code="p">102422</subfield>
    <subfield code="r">2020-11-14 00:00:00</subfield>
    <subfield code="t">C-1</subfield>
    <subfield code="w">2020-11-14</subfield>
    <subfield code="y">BK</subfield>
  </datafield>
  <datafield tag="999" ind1=" " ind2=" ">
    <subfield code="c">19144</subfield>
    <subfield code="d">19144</subfield>
  </datafield>
  <controlfield tag="003">BDDh-ASL</controlfield>
  <controlfield tag="005">20231015025747.0</controlfield>
  <controlfield tag="008">201114s2007    bg ||||| |||| 00| 0 b   d</controlfield>
  <datafield tag="040" ind1=" " ind2=" ">
    <subfield code="a">BDDh-ASL</subfield>
    <subfield code="c">BDDh-ASL</subfield>
    <subfield code="d">BDDh-ASL</subfield>
  </datafield>
  <datafield tag="041" ind1=" " ind2=" ">
    <subfield code="a">ben</subfield>
  </datafield>
  <datafield tag="082" ind1=" " ind2=" ">
    <subfield code="a">910</subfield>
    <subfield code="b">BAM</subfield>
  </datafield>
  <datafield tag="100" ind1="1" ind2=" ">
    <subfield code="9">1539</subfield>
    <subfield code="a">&#x9AC;&#x9A1;&#x9BC;&#x9C1;&#x9AF;&#x9BC;&#x9BE;, &#x99C;&#x9CD;&#x9AF;&#x9CB;&#x9A4;&#x9BF; &#x9AC;&#x9BF;&#x995;&#x9BE;&#x9B6;</subfield>
  </datafield>
  <datafield tag="245" ind1="1" ind2="0">
    <subfield code="a">&#x9AE;&#x9BF;&#x9AF;&#x9BC;&#x9BE;&#x9A8;&#x9AE;&#x9BE;&#x9B0; &#x9AD;&#x9CD;&#x9B0;&#x9AE;&#x9A3;&#x9C7;&#x9B0; &#x9A1;&#x9BE;&#x9AF;&#x9BC;&#x9C7;&#x9B0;&#x9C0;/</subfield>
    <subfield code="c">&#x99C;&#x9CD;&#x9AF;&#x9CB;&#x9A4;&#x9BF; &#x9AC;&#x9BF;&#x995;&#x9BE;&#x9B6; &#x9AC;&#x9A1;&#x9BC;&#x9C1;&#x9AF;&#x9BC;&#x9BE;&#x964; </subfield>
  </datafield>
  <datafield tag="246" ind1=" " ind2=" ">
    <subfield code="a">Myanmar Bhramaner Daeyiri </subfield>
  </datafield>
  <datafield tag="260" ind1=" " ind2=" ">
    <subfield code="a">&#x9A2;&#x9BE;&#x995;&#x9BE;: </subfield>
    <subfield code="b">&#x985;&#x9B0;&#x9CD;&#x99A;&#x9A8;&#x9BE; &#x9AC;&#x9A1;&#x9BC;&#x9C1;&#x9AF;&#x9BC;&#x9BE;, </subfield>
    <subfield code="c">&#x9E8;&#x9E6;&#x9E6;&#x9ED;. </subfield>
  </datafield>
  <datafield tag="300" ind1=" " ind2=" ">
    <subfield code="a">&#x9AA;&#x9C3;. &#x9ED;&#x9E9;: </subfield>
    <subfield code="c">&#x9E8;&#x9E8; &#x9B8;&#x9C7;.&#x9AE;&#x9BF;.&#x964;</subfield>
  </datafield>
  <datafield tag="650" ind1=" " ind2="0">
    <subfield code="9">2021</subfield>
    <subfield code="a">&#x9AD;&#x9CD;&#x9B0;&#x9AE;&#x9A3; &#x997;&#x9BE;&#x987;&#x9A1;</subfield>
    <subfield code="x">&#x9AD;&#x9CD;&#x9B0;&#x9AE;&#x9A3; </subfield>
    <subfield code="z">&#x9AE;&#x9BF;&#x9AF;&#x9BC;&#x9BE;&#x9A8;&#x9AE;&#x9BE;&#x9B0; </subfield>
  </datafield>
  <datafield tag="942" ind1=" " ind2=" ">
    <subfield code="2">ddc</subfield>
    <subfield code="c">BK</subfield>
  </datafield>
</record>
